000 00485nam a2200157 i 4500
001 67721
003 ES-MaACL
005 20230906170134.0
007 t|
008 040203s1976 sp ||||1| spa d
100 1 _aGalván, Antonio.
_953684
245 1 0 _aLibertad de morir
_b: cárcel de vida : de los dos nacimientos y de la muerte del poeta Antonio Gavina, 1921-1965.
260 _aMadrid :
_bCastalia,
_c[1976]
300 _a57 p. ;
_c20 cm.
852 _aES-MaACL
_jA-5737
_bR.94837
999 _c67721
_d67721